000
00290nam a22001337a 4500
008
180308b xxu||||| |||| 00| 0 eng d
020
_a
9780975263839
041
_a
eng
080
_a
33
100
_a
58
101
_a
BIZ
245
_a
Monday morning messages
_c
Rector,B
942
_2
udc
_c
BK
999
_c
44454
_d
44454